000 00532nam a2200181Ia 4500
005 20250508150945.0
008 008 250505s9999 xx 000 0 eng d
037 _aBooks to be hide in OPAC
040 _aFEDL
_beng
_cFEDL
041 _aeng
_2eng
084 _a428, HAT/O
_qFEDL
100 _aHatfield W Wilbur (et. al...)
_9758042
245 0 _aJunior english activities. Book 1
260 _aNew York, USA
_bAmerican Book Company
300 _axiv,396p.
942 _cHB
_h428, HAT/O
999 _c1326718
_d1326718